[Event "MVP-ch Seniors op 15th"]
[Site "Binz"]
[Date "2015.11.28"]
[Round "5.39"]
[White "Rychlik, Kurt"]
[Black "Thielemann, Joachim"]
[Result "1-0"]
[WhiteElo "1935"]
[BlackElo "1672"]
[PlyCount "152"]
[EventDate "2015.11.24"]
[EventType "swiss"]
[EventRounds "9"]
[EventCountry "GER"]
[SourceTitle "EXT 2017"]
[Source "ChessBase"]
[SourceDate "2016.10.25"]
[SourceVersion "1"]
[SourceVersionDate "2016.10.25"]
[SourceQuality "1"]

1. Nf3 d5 2. g3 Nf6 3. Bg2 e6 4. 0-0 Be7 5. d3 0-0 6. Nbd2 c5 7. e4 Nc6 8. c3 e5 9. h3 Be6 10. Qe2 Qc7 11. Ng5 Rad8 12. f4 exf4 13. gxf4 h6 14. Nxe6 fxe6 15. e5 Nh7 16. Qg4 Qd7 17. Nf3 Rf5 18. Bd2 Rdf8 19. Kh1 Kh8 20. Rg1 Bd8 21. Raf1 Qf7 22. Nh2 h5 23. Qe2 Bh4 24. Bf3 Ne7 25. Rg2 Rg8 26. b3 b6 27. Rfg1 g6 28. d4 Rc8 29. Qa6 cxd4 30. cxd4 Rc7 31. Be2 Nf8 32. Bd3 Rxf4 33. Bxf4 Qxf4 34. Rf1 Qxd4 35. Rxf8+ Kg7 36. Rf1 Rc3 37. Nf3 Qxd3 38. Qxd3 Rxd3 39. Nxh4 Rxh3+ 40. Rh2 Re3 41. Nf3 Nf5 42. Rg2 h4 43. Kh2 Ng3 44. Rff2 Ne4 45. Rf1 Ng3 46. Rxg3 hxg3+ 47. Kxg3 Kf7 48. Rf2 Ke7 49. Kf4 Rc3 50. Kg5 Kd7 51. Kxg6 Rc8 52. Kf7 Rh8 53. Ng5 Rh5 54. Kg6 Rh1 55. Rf7+ Kc6 56. Nxe6 Rg1+ 57. Kf6 a5 58. a4 b5 59. Nd4+ Kc5 60. Nxb5 d4 61. Rc7+ Kb6 62. Rd7 Kc6 63. Rxd4 Rf1+ 64. Ke7 Rh1 65. Rd6+ Kc5 66. Rf6 Kd5 67. e6 Rh7+ 68. Rf7 Rh6 69. Nc7+ Kc6 70. Nb5 Kd5 71. Rf6 Rh7+ 72. Kd8 Ke5 73. Rf7 Rh8+ 74. Kd7 Rh1 75. e7 Rd1+ 76. Kc7 Rc1+ 1-0

[Event "Schleswig Holstein-ch Seniors op 9th"]
[Site "Buesum"]
[Date "2015.10.04"]
[Round "6"]
[White "Rychlik, Kurt"]
[Black "Weidlich, Guenter"]
[Result "1/2-1/2"]
[WhiteElo "2060"]
[BlackElo "2197"]
[PlyCount "25"]
[EventDate "2015.09.28"]
[EventType "swiss"]
[EventRounds "9"]
[EventCountry "GER"]
[SourceTitle "EXT 2018"]
[Source "ChessBase"]
[SourceDate "2017.10.13"]
[SourceVersion "1"]
[SourceVersionDate "2017.10.13"]
[SourceQuality "1"]

1. Nf3 Nf6 2. g3 d5 3. Bg2 c6 4. d3 h6 5. Nbd2 Bf5 6. 0-0 e6 7. Qe1 Be7 8. e4 Bh7 9. Ne5 0-0 10. Kh1 Nbd7 11. Nxd7 Nxd7 12. f4 dxe4 13. dxe4 1/2-1/2